How to get a PhD : A handbook for students and their supervisors (Record no. 11378)

000 -LEADER
fixed length control field 00696cam a2200205 a 4500
020 ## - INTERNATIONAL STANDARD BOOK NUMBER
International Standard Book Number 9780335242023
040 ## - CATALOGING SOURCE
Original cataloging agency DLC
Transcribing agency DLC
Modifying agency DLC
082 00 - DEWEY DECIMAL CLASSIFICATION NUMBER
Classification number 378.240941
Edition number 21
100 1# - MAIN ENTRY--PERSONAL NAME
Personal name Phillips, Estelle,
245 10 - TITLE STATEMENT
Title How to get a PhD : A handbook for students and their supervisors
Statement of responsibility, etc. Estelle M. Phillips and Derek S. Pugh.
250 ## - EDITION STATEMENT
Edition statement 5th ed.
260 ## - PUBLICATION, DISTRIBUTION, ETC.
Place of publication, distribution, etc. Buckingham [England] ;
-- Philadelphia :
Name of publisher, distributor, etc. Open University Press,
Date of publication, distribution, etc. c2000.
300 ## - PHYSICAL DESCRIPTION
Extent xvi, 235 p. ;
Dimensions 22 cm.
650 #0 - SUBJECT ADDED ENTRY--TOPICAL TERM
Topical term or geographic name entry element Doctor of philosophy degree
Geographic subdivision Great Britain.
650 #0 - SUBJECT ADDED ENTRY--TOPICAL TERM
Topical term or geographic name entry element Universities and colleges
Geographic subdivision Great Britain
General subdivision Graduate work.
700 1# - ADDED ENTRY--PERSONAL NAME
Personal name Pugh, Derek Salman.
700 1# - ADDED ENTRY--PERSONAL NAME
Personal name Phillips, Estelle,
856 42 - ELECTRONIC LOCATION AND ACCESS
Uniform Resource Identifier <a href="l">l</a>
942 ## - ADDED ENTRY ELEMENTS (KOHA)
Source of classification or shelving scheme
Koha item type Book
Holdings
Withdrawn status Lost status Damaged status Not for loan Collection code Permanent Location Current Location Shelving location Date acquired Source of acquisition Cost, normal purchase price Total Checkouts Total Renewals Full call number Barcode Date last seen Date last checked out Price effective from Koha item type
          Central Library (CL) Central Library (CL) General Stacks 12/18/2012 Allied Book Company 2454.00 2 1 378.240941 PHI SEECS011743 12/19/2018 11/18/2018 12/18/2012 Book
          Central Library (CL) Central Library (CL) General Stacks 12/18/2012 Allied Book Company 2454.00 2   378.240941 PHI SEECS011744 08/23/2015 09/13/2014 12/18/2012 Book
          Central Library (CL) Central Library (CL) General Stacks 12/18/2012 Allied Book Company 2454.00 3 1 378.240941 PHI SEECS011745 02/02/2015 12/16/2014 12/18/2012 Book
© 2023 Central Library, National University of Sciences and Technology. All Rights Reserved.